[Event "Slovan op"]
[Site "Bratislava"]
[Date "1997.??.??"]
[Round "3"]
[White "Biro, Karol"]
[Black "Harasta, Vladimir"]
[Result "1/2-1/2"]
[WhiteElo "2210"]
[BlackElo "2145"]

1.d4 Nf6 2.Bg5 e6 3.e4 h6 4.Bxf6 Qxf6 5.Nc3 Bb4 6.Ne2 d6 7.a3 Ba5 8.Qd2 e5
9.b4 Bb6 10.Nd5 Qh4 11.Nxb6 axb6 12.dxe5 dxe5 13.Qe3 Nc6 14.c3 Be6 15.g3 Qe7
16.Bg2 O-O 17.O-O Rfd8 18.Qc1 Bc4 19.Qb2 Rd6 20.Rfd1 Rad8 21.Rxd6 Qxd6 22.Bf3 Kf8
23.b5 Nb8 24.Kg2 Nd7 25.a4 Nc5 26.Qb4 Be6 27.Nc1 Qd2 28.a5 Qc2 29.a6 bxa6
30.bxa6 Bd7 31.Be2 Bc6 32.f3 Rd1 33.Ra2 Qxc1 34.Bxd1 Qxd1 35.a7 Qd8 36.Ra5 bxa5
37.Qxc5+ Qd6 38.Qxa5 Ba8 39.Qb5 Qb6 40.Qd7 Qc6 41.Qd8+ Qe8 42.Qxc7 Kg8 43.Qb8 Kf8
44.g4 f6 45.Kg3 Kf7 46.h4 Qc6 47.Qb3+ Qe6 48.Qb8 Qc6 49.g5 hxg5 50.hxg5 f5
51.Qxe5 fxe4 52.Qf5+ Ke7 53.Qe5+ Kf7 54.Qf5+ Ke7  1/2-1/2

[Event "Bristol op"]
[Site "Bristol"]
[Date "1997.??.??"]
[Round "1"]
[White "Collier, David"]
[Black "Buckley, Simon T"]
[Result "1/2-1/2"]
[WhiteElo "2220"]
[BlackElo "2110"]

1.d4 Nf6 2.Bg5 e6 3.e4 h6 4.Bxf6 Qxf6 5.Nc3 Qd8 6.f4 d5 7.e5 c5 8.Nf3 Nc6
9.Qd2 Bd7 10.O-O-O c4 11.Ne2 b5 12.f5 b4 13.fxe6 Bxe6 14.Nf4 b3 15.axb3 Nb4
16.Nxe6 fxe6 17.bxc4 Qa5 18.Qe3 Rb8 19.Kd2 Nxc2+ 20.Kxc2 Qa4+ 21.Kd2 Rxb2+
22.Ke1 Bb4+ 23.Nd2 Bxd2+ 24.Rxd2 Qa1+ 25.Kf2 O-O+ 26.Kg3 Qc1 27.Re2 Rb3 28.Qxb3 Qg5+
29.Kh3 Qh5+  1/2-1/2

[Event "Cannes op 18th"]
[Site "Cannes"]
[Date "1997.??.??"]
[Round "6"]
[White "Lukasiewicz, Grzegorz"]
[Black "Aleksieva, Silvia"]
[Result "0-1"]
[WhiteElo "2390"]
[BlackElo "2285"]

1.d4 Nf6 2.Bg5 e6 3.e4 h6 4.Bxf6 Qxf6 5.Nc3 d6 6.Qd2 c6 7.f4 g5 8.Nf3 g4
9.e5 Qd8 10.Ng1 d5 11.Nge2 f5 12.exf6 Qxf6 13.Qe3 Bd6 14.O-O-O Nd7 15.h3 gxh3
16.Rxh3 Nb6 17.g3 Bd7 18.Ng1 O-O-O 19.Nf3 Rdg8 20.Bd3 Rxg3 21.Rxg3 Bxf4 22.Ne5 c5
23.Rf1 Bxe3+ 24.Rxe3 Qg5 25.Nd1 cxd4 26.Nf7 Qg7 27.Ref3 Rg8 28.Rf6 Qg3 29.Nxh6 Rg7
30.b3 Kc7 31.Kb1 Nc8 32.R6f3 Qh2 33.Nf7 Ne7 34.R3f2 Rg2 35.Rf6 e5 36.Nd6 e4
37.Nb5+ Bxb5 38.Bxb5 Rxc2 39.Rf7 Kb6 40.R1f6+ Ka5 41.b4+ Kxb4  0-1

[Event "Wch U14"]
[Site "Cannes"]
[Date "1997.??.??"]
[Round "9"]
[White "Vamos, Viktor"]
[Black "Rainfray, Arnaud"]
[Result "0-1"]
[WhiteElo "2220"]
[BlackElo "2150"]

1.d4 Nf6 2.Bg5 e6 3.Nc3 h6 4.Bh4 d5 5.e3 Bb4 6.Ne2 Nbd7 7.a3 Be7 8.Bg3 a6
9.b4 b6 10.Nf4 c5 11.Rb1 O-O 12.Nd3 cxd4 13.exd4 Bb7 14.Be2 Rc8 15.Rb3 Ne4
16.Nxe4 dxe4 17.Ne5 b5 18.Nxd7 Qxd7 19.Bf4 Bf6 20.Be5 Bxe5 21.dxe5 Qc7 22.O-O Qxe5
23.Rg3 Rfd8 24.Qc1 Rc7 25.Re1 Rdc8 26.Bd1 Kh8 27.Ree3 f5 28.Rh3 f4 29.Rb3 Bd5
30.Rb1 Qf6 31.Qd2 Rd8 32.Qe1 Ba2 33.Rc1 Qb2 34.Bg4 Rxc2 35.Rxc2 Qxc2 36.Rc3 Qd2
37.Qxd2 Rxd2 38.Rc6 Bd5 39.Rxa6 e3 40.Kf1 Bc4+  0-1

[Event "Chemnitz op"]
[Site "Chemnitz"]
[Date "1997.??.??"]
[Round "2"]
[White "Helbig, Uwe"]
[Black "Enders, Peter"]
[Result "0-1"]
[WhiteElo "2240"]
[BlackElo "2535"]

1.d4 Nf6 2.Bg5 e6 3.e3 b6 4.Nf3 Bb7 5.Bd3 d6 6.Nbd2 h6 7.Bh4 g5 8.Bg3 Nh5
9.Be4 d5 10.Bd3 Nxg3 11.hxg3 Nd7 12.Qe2 Bg7 13.c3 Qe7 14.e4 c5 15.dxc5 Nxc5
16.Bb5+ Kf8 17.exd5 Bxd5 18.Bc4 Rd8 19.Rd1 Bb7 20.Nb3 Rxd1+ 21.Qxd1 Bf6 22.Qe2 Nxb3
23.Bxb3 Kg7 24.O-O Rd8 25.Rd1 Rxd1+ 26.Qxd1 Qd8 27.Qe2 Qd6 28.Bc4 g4 29.Ne1 h5
30.Bd3 Qe5 31.Kf1 Bd5 32.a4 Qxe2+ 33.Kxe2 Be5 34.Ke3 f5 35.Bf1 Bd6 36.Nd3 Bb3
37.a5 bxa5 38.Nf4 e5 39.Nd3 Bc4 40.Be2 Kf6 41.Bd1 e4 42.Nf4 Bc5+  0-1

[Event "Chemnitz op"]
[Site "Chemnitz"]
[Date "1997.??.??"]
[Round "6"]
[White "Lorenz, Gerd"]
[Black "Paehtz, Thomas Sr"]
[Result "1-0"]
[WhiteElo "2305"]
[BlackElo "2480"]

1.d4 Nf6 2.Bg5 e6 3.Nd2 h6 4.Bh4 d5 5.e3 c5 6.c3 Nc6 7.Ngf3 Be7 8.Bd3 O-O
9.h3 Nd7 10.Bg3 f5 11.Bf4 c4 12.Bc2 b5 13.b4 a5 14.a4 Ba6 15.axb5 Bxb5 16.bxa5 Rxa5
17.Rb1 Qb6 18.O-O Ra3 19.Rb2 Qa5 20.Qb1 Ba6 21.Rb7 Qd8 22.Rc7 Na5 23.Qb2 e5
24.Rxd7 Qxd7 25.Nxe5 Qb7 26.Qxb7 Bxb7 27.Ng6 Rxc3 28.Bxf5 Rxf5 29.Nxe7+ Kh7
30.Nxf5 Nb3 31.Nb1 Rc2 32.Na3 Ra2 33.Nb5 Bc6 34.Nc3 Rc2 35.Ne7 Rxc3 36.Nxc6 g5
37.Bd6 Nc1 38.Nb4 Ne2+ 39.Kh2 Rb3 40.Nxd5 Rb5 41.Nb4 c3 42.Re1  1-0

[Event "Capablanca 32th Premier-B"]
[Site "Cienfuegos"]
[Date "1997.??.??"]
[Round "8"]
[White "Bellon Lopez, Juan Manuel"]
[Black "Blees, Albert"]
[Result "0-1"]
[WhiteElo "2465"]
[BlackElo "2405"]

1.d4 Nf6 2.Bg5 e6 3.e3 h6 4.Bh4 c5 5.Nd2 cxd4 6.exd4 Be7 7.c3 Nc6 8.Bd3 b6
9.Bxf6 Bxf6 10.Ne4 Be7 11.f4 O-O 12.Nf3 Qc7 13.g3 f5 14.Ned2 Bb7 15.Qe2 Rab8
16.Rg1 Bf6 17.h4 Rbe8 18.Ne5 Bxe5 19.dxe5 d6 20.exd6 Qxd6 21.O-O-O Qb8 22.Nf3 e5
23.Bb5 exf4 24.Qc4+ Kh8 25.Bxc6 Rc8 26.Qd4 Rfd8 27.Bd7 Bxf3 28.gxf4 Bg4 29.Rde1 Rc6
30.Re7 Rf6 31.Rge1 Qd6 32.Qxd6 Rxd6 33.Ba4 a5 34.Rf7 Rd2 35.Re8+ Kh7 36.Ree7 Kg6
37.Rxg7+ Kh5 38.Re6 Rf2 39.Be8+ Kxh4 40.Rxh6+ Kg3 41.Bd7 Kxf4 42.a4 Rf1+
43.Kc2 Bd1+ 44.Kd3 Bb3 45.Rxb6 Rd1+ 46.Ke2 R1xd7 47.Rxd7 Bc4+ 48.Ke1 Rxd7
49.b4 Ke3  0-1

[Event "Capablanca mem mixed"]
[Site "Cienfuegos"]
[Date "1997.??.??"]
[Round "8"]
[White "Ribeiro, Fernando"]
[Black "Guedez, Armando"]
[Result "1-0"]
[WhiteElo "2305"]
[BlackElo "2285"]

1.d4 Nf6 2.Bg5 e6 3.e4 d5 4.Bxf6 Qxf6 5.Nc3 Bb4 6.e5 Qe7 7.a3 Bxc3+ 8.bxc3 c5
9.f4 O-O 10.Nf3 Nc6 11.Bd3 f5 12.exf6 Qxf6 13.g3 h6 14.O-O cxd4 15.cxd4 Nxd4
16.Ne5 Nc6 17.Qh5 Rd8 18.g4 Bd7 19.g5 Qf8 20.Qg6 Qc5+ 21.Rf2 Be8 22.Qxe6+ Kf8
23.Qf5+ Kg8 24.Qh7+ Kf8 25.Qh8+ Ke7 26.Nxc6+  1-0

[Event "Capablanca mem mixed"]
[Site "Cienfuegos"]
[Date "1997.??.??"]
[Round "10"]
[White "Ribeiro, Fernando"]
[Black "Hernandez, Tania"]
[Result "0-1"]
[WhiteElo "2305"]
[BlackElo "2195"]

1.d4 Nf6 2.Bg5 e6 3.e4 h6 4.Bxf6 Qxf6 5.Nc3 d6 6.Qd2 Bd7 7.Nf3 Nc6 8.O-O-O O-O-O
9.h4 g6 10.Bb5 Bg7 11.Kb1 Kb8 12.Rhe1 Rhe8 13.Qe3 a6 14.Ba4 Na5 15.Bxd7 Rxd7
16.e5 Qe7 17.Ne4 dxe5 18.Nxe5 Bxe5 19.dxe5 Red8 20.Rxd7 Qxd7 21.b3 Nc6 22.f4 b6
23.g4 Nb4 24.a3 Nc6 25.Qc3 Kb7 26.a4 Qe7 27.Nf6 Qa3 28.h5 gxh5 29.Nxh5 Rd4
30.Qb2 Qe7 31.c3 Qh4 32.Qe2 Rd3 33.Rc1 Qh3 34.Kb2 Re3 35.Qd1 Rd3 36.Qe2 Ne7
37.Qe4+ Nd5 38.Rc2 Rxc3 39.Rxc3 Qxc3+ 40.Ka2 Kb8 41.Qc4 Qd2+ 42.Ka3 Nc3 43.b4 Qc2  0-1

[Event "Costa Rica-ch"]
[Site "Costa Rica"]
[Date "1997.??.??"]
[Round "9"]
[White "Hernandez, Francisco"]
[Black "Peraza, Rafael"]
[Result "0-1"]
[WhiteElo "2205"]
[BlackElo "2000"]

1.d4 Nf6 2.Bg5 e6 3.Nd2 c5 4.e3 Be7 5.Bd3 h6 6.Bh4 O-O 7.Ngf3 b6 8.O-O Bb7
9.c3 d6 10.Qe2 Nbd7 11.e4 e5 12.dxe5 dxe5 13.Bg3 Qc7 14.Nc4 Nh5 15.Bxe5 Nxe5
16.Ncxe5 Nf4 17.Qe3 Nxd3 18.Qxd3 Rad8 19.Qc4 Bd6 20.Nd3 Qc8 21.Qa4 b5 22.Qxa7 Bxe4
23.Nde1 Qe6 24.Qa3 c4 25.b4 cxb3 26.Qxb3 Bd5 27.Nd4 Bxh2+ 28.Kh1 Qg6 29.Qxb5 Rfe8
30.Kxh2 Rxe1 31.f3 Re5 32.Qb4 Rh5+ 33.Kg1 Qg3 34.Qe7 Rb8 35.Rab1 Rxb1 36.Rxb1 Qh2+
37.Kf2 Rg5 38.Qd8+ Kh7 39.Qxg5 hxg5 40.Nf5 g4 41.Ng3 gxf3 42.Rh1 Qxh1 43.Nxh1 fxg2
44.Ng3 Kg6 45.a4 f5 46.Ne2 Kg5 47.a5 f4 48.a6 f3 49.Nd4 Kg4 50.c4 Ba8 51.c5 Kh3
52.Kg1 g6 53.c6 Bxc6 54.a7 Kg3 55.Nxf3 Kxf3  0-1

[Event "MSS-ch"]
[Site "CZE"]
[Date "1997.??.??"]
[Round "?"]
[White "Dittrich, Pavel"]
[Black "Tomes, Zdenek"]
[Result "1/2-1/2"]
[WhiteElo "1760"]
[BlackElo "1890"]

1.d4 Nf6 2.Bg5 e6 3.Nf3 d5 4.e3 Be7 5.c4 O-O 6.Nc3 h6 7.Bh4 b6 8.cxd5 Nxd5
9.Bxe7 Qxe7 10.Nxd5 exd5 11.Bd3 Bg4 12.O-O Nd7 13.Rc1 c5 14.dxc5 bxc5 15.Be2 Nf6
16.Qc2 Rac8 17.h3 Bh5 18.Rfd1 Rfd8 19.Nh4 Bxe2 20.Qxe2 d4 21.Qd3 dxe3 22.Qxe3 Qxe3
23.Rxd8+ Rxd8 24.fxe3 Rd5 25.Rc4 g5 26.Nf3 Kg7 27.Kf2 Rd7 28.Ke2 Rc7 29.b4 Nd7
30.Nd2 Kf6 31.Nb3 Ke5 32.bxc5 Kd5 33.Rd4+ Ke5 34.Ra4 Kd5 35.Ra6 f6 36.Ra4 h5
37.Rd4+ Ke5 38.Ra4 h4 39.Ra5 Kd5 40.Ra6 Ke5 41.Nd4 Nxc5 42.Rc6 Rxc6 43.Nxc6+ Ke4
44.Nxa7 Na4 45.Nb5 f5 46.Nd6+ Ke5 47.Nc4+ Kd5 48.Kd3 Nc5+ 49.Kc3 g4 50.Nd2 Ne6
51.a4 gxh3 52.gxh3 Ng5 53.a5 Nxh3 54.Nf3 Nf2 55.Kb4 Kc6 56.Nxh4 f4 57.Nf5 fxe3
58.Nd4+ Kb7 59.Kb5 Ne4 60.a6+ Ka7 61.Ka5 Nc5 62.Nb5+ Ka8 63.Nc3  1/2-1/2

[Event "MSS-ch"]
[Site "CZE"]
[Date "1997.??.??"]
[Round "?"]
[White "Oplustil, V."]
[Black "Ennis, S."]
[Result "1-0"]
[WhiteElo "1895"]
[BlackElo "1605"]

1.d4 Nf6 2.Bg5 e6 3.c4 Bb4+ 4.Nc3 h6 5.Bh4 Bxc3+ 6.bxc3 d5 7.cxd5 exd5 8.Qb3 c6
9.e3 O-O 10.Bd3 b6 11.Nf3 Bb7 12.O-O Nbd7 13.Ne5 Qc7 14.Bg3 Nh5 15.Nxd7 Nxg3
16.Nf6+ gxf6 17.fxg3 Qe7 18.Rae1 c5 19.Bb1 Kg7 20.Qc2 Rh8 21.Qf5 h5 22.e4 Qe6
23.Qf4 Rae8 24.exd5 Qd7 25.Qxf6+ Kg8 26.Rxe8+ Qxe8 27.d6 Qe6 28.Qg5+ Kf8
29.dxc5 Ke8 30.d7+ Qxd7 31.Qe5+ Qe6 32.Qxh8+ Ke7 33.Qd4 Qc6 34.Re1+ Kf8 35.Qh8+  1-0

[Event "MSS-ch"]
[Site "CZE"]
[Date "1997.??.??"]
[Round "?"]
[White "Oplustil, V."]
[Black "Lacko, Jan"]
[Result "0-1"]
[WhiteElo "1895"]
[BlackElo "1975"]

1.d4 Nf6 2.Bg5 e6 3.c4 Bb4+ 4.Nc3 h6 5.Bd2 b6 6.Nf3 Bb7 7.e3 O-O 8.Be2 d6
9.Qc2 Nbd7 10.b3 Re8 11.a3 Bxc3 12.Bxc3 Ne4 13.Bb2 Qe7 14.O-O f5 15.Ne1 e5
16.d5 g6 17.f3 Nef6 18.e4 f4 19.b4 g5 20.g3 Qh7 21.gxf4 gxf4 22.Kf2 Kf7 23.Rg1 Rg8
24.Ng2 Rg5 25.Bd3 Rag8 26.h4 Rg3 27.Bf1 Qg6 28.Qc3 Nxe4+  0-1

[Event "CZE-chT 9697"]
[Site "CZE"]
[Date "1997.??.??"]
[Round "1"]
[White "Subrt, Jaroslav"]
[Black "Cicak, Slavko"]
[Result "1/2-1/2"]
[WhiteElo "2190"]
[BlackElo "2440"]

1.d4 Nf6 2.Bg5 e6 3.e4 h6 4.Bxf6 Qxf6 5.Nf3 d6 6.Nc3 a6 7.Bd3 Nd7 8.O-O e5
9.Nd5 Qd8 10.c3 g6 11.Qa4 c6 12.Ne3 Qc7 13.b4 Bg7 14.Qb3 O-O 15.a4 exd4 16.cxd4 Nb6
17.a5 Nd7 18.Rac1 Nf6 19.e5 dxe5 20.dxe5 Be6 21.Bc4 Bxc4 22.Qxc4 Nd7 23.Nd5 Qd8
24.Nf4 Kh7 25.Rce1 Qe7 26.e6 fxe6 27.Nxe6 Rxf3 28.gxf3 Ne5 29.Qb3 Qf6 30.f4 Nf7
31.Re3 Nd6 32.Rfe1 Nf5 33.Rh3 Bf8 34.Re5 Bd6 35.Ng5+ Kg7 36.Ne4 Qf8 37.Rxf5 Qxf5
38.Qc3+ Kg8 39.Nxd6 Qg4+ 40.Rg3 Qd1+ 41.Kg2 Qxd6 42.f5 Qd5+ 43.Qf3 g5 44.h4 Rd8
45.hxg5 hxg5 46.Qxd5+ Rxd5 47.f4 g4 48.Rxg4+ Kf7 49.Kg3 Rd4 50.Rh4 Rxb4 51.Kg4 Rb1
52.Rh7+ Kf6 53.Rh6+ Kg7 54.Rd6 Rg1+ 55.Kf3 Ra1 56.Kg4 Rxa5 57.Kg5 Rd5 58.Rg6+ Kf7
59.Rh6 Kg7 60.Rg6+ Kf7 61.Re6  1/2-1/2

[Event "Moravia-chT 9798"]
[Site "CZE"]
[Date "1997.??.??"]
[Round "3.5"]
[White "Pastor, Karel"]
[Black "Hladik, Josef"]
[Result "1/2-1/2"]
[WhiteElo "2240"]
[BlackElo "2240"]

1.d4 Nf6 2.Bg5 e6 3.e4 h6 4.Bxf6 Qxf6 5.e5 Qd8 6.Nd2 d5 7.exd6 Bxd6 8.Ngf3 Nd7
9.Nc4 Be7 10.Be2 O-O 11.O-O c5 12.c3 cxd4 13.cxd4 Nb6 14.Nfe5 Bf6 15.Rc1 Bd7
16.Bf3 Nxc4 17.Nxc4 Bb5 18.d5 Bxc4 19.Rxc4 exd5 20.Qxd5 Qxd5 21.Bxd5 Rad8
22.Bxb7 Bxb2 23.Rc2  1/2-1/2

[Event "Providencia op"]
[Site "Debrecen"]
[Date "1997.??.??"]
[Round "4"]
[White "Donka, Peter"]
[Black "Medvegy, Zoltan"]
[Result "1/2-1/2"]
[WhiteElo "2245"]
[BlackElo "2360"]

1.d4 Nf6 2.Bg5 e6 3.Nc3 Be7 4.Nf3 d5 5.e3 Nbd7 6.Bd3 c5 7.O-O O-O 8.Ne5 h6
9.Bh4 a6 10.Nxd7 Nxd7 11.Bxe7 Qxe7 12.Be2 b5 13.a3 Bb7 14.Na2 Rac8 15.c3 e5  1/2-1/2

[Event "Decin op"]
[Site "Decin"]
[Date "1997.??.??"]
[Round "2"]
[White "Syrokhvatov, Leonid V"]
[Black "Chernyshov, Konstantin"]
[Result "0-1"]
[WhiteElo "2270"]
[BlackElo "2445"]

1.d4 Nf6 2.Bg5 e6 3.e4 h6 4.Bxf6 Qxf6 5.Nc3 Nc6 6.e5 Qe7 7.a3 b6 8.Nf3 g5
9.d5 Nb8 10.d6 cxd6 11.Nb5 dxe5 12.Nc7+ Kd8 13.Nxa8 Bg7 14.c3 Bb7 15.Nxb6 axb6
16.Qb3 Kc7 17.Qb4 Qc5 18.Nd2 Nc6 19.Qxc5 bxc5 20.f3 f5 21.O-O-O d5 22.Bb5 Kb6
23.Ba4 h5 24.Bc2 g4 25.h3 g3 26.h4 Rg8 27.Kb1 Bh6 28.Rhe1 Bf4 29.b4 c4 30.a4 Ne7
31.a5+ Kc7 32.Ba4 Bc6 33.Bc2 Ng6 34.Rh1 Be3 35.Kb2 Nf4 36.Rhg1 Bf2 37.Nb1 e4
38.fxe4 fxe4 39.Na3 e3 40.b5 Rb8 41.b6+ Kb7 42.Nb1 Ra8  0-1

[Event "BCF-chT 96/97"]
[Site "England"]
[Date "1997.??.??"]
[Round "?"]
[White "Parker, Jonathan"]
[Black "Lalic, Bogdan"]
[Result "0-1"]
[WhiteElo "2495"]
[BlackElo "2585"]

1.d4 Nf6 2.Bg5 e6 3.e4 h6 4.Bxf6 Qxf6 5.Nc3 Bb4 6.Ne2 d6 7.a3 Ba5 8.b4 Bb6
9.Qd3 O-O 10.Rd1 c6 11.g3 e5 12.Bg2 Nd7 13.f4 a5 14.Rf1 exd4 15.Nxd4 axb4
16.axb4 d5 17.e5 Qe7 18.Rb1 Bxd4 19.Qxd4 f6 20.e6 f5 21.Kf2 Nf6 22.Kg1 Bxe6
23.Ra1 Rad8 24.Na4 Ne4 25.Nc5 Bc8 26.Nd3 Qc7 27.Ne5 b6 28.Bxe4 fxe4 29.c4 c5
30.bxc5 bxc5 31.Qe3 dxc4 32.Qxe4 Rd4 33.Qe3 Qd6 34.Rae1 Bb7 35.Ng4 Re4 36.Qc3 Qd5
37.Rb1 Re2  0-1

[Event "BCF-chT 96/97"]
[Site "England"]
[Date "1997.??.??"]
[Round "7"]
[White "Mah, Karl"]
[Black "Lee, Graham D"]
[Result "1-0"]
[WhiteElo "2245"]
[BlackElo "2375"]

1.d4 Nf6 2.Bg5 e6 3.e4 h6 4.Bxf6 Qxf6 5.Nc3 Bb4 6.Qd2 c5 7.a3 cxd4 8.axb4 dxc3
9.bxc3 Nc6 10.Nf3 O-O 11.b5 Ne5 12.Nxe5 Qxe5 13.Qd4 Qg5 14.g3 e5 15.Qd6 b6
16.Bg2 Bb7 17.O-O f5 18.Qxd7 Rf7 19.Qd3 Rd8 20.Qc4 Bxe4 21.Rxa7 Qg6 22.Bxe4 fxe4
23.Rfa1 Rf8 24.Rxf7 Qxf7 25.Qxf7+ Rxf7 26.Ra8+ Kh7 27.Re8 e3 28.fxe3 Rc7
29.Re6 Rxc3 30.Rc6 Rxe3 31.Rxb6 Re2 32.Rc6 e4 33.b6 e3 34.Kf1 Rxh2 35.b7 Rh1+
36.Ke2 Rb1 37.Rc7 h5 38.c4 Kg6 39.Kxe3 Rb3+ 40.Kf4  1-0

[Event "Chess Classics"]
[Site "Frankfurt"]
[Date "1997.??.??"]
[Round "1"]
[White "Topalov, Veselin"]
[Black "Karpov, Anatoly"]
[Result "0-1"]
[WhiteElo "2725"]
[BlackElo "2760"]

1.d4 Nf6 2.Bg5 e6 3.e4 h6 4.Bxf6 Qxf6 5.Nc3 d6 6.Qd2 g5 7.g3 Bg7 8.O-O-O Bd7
9.f4 gxf4 10.gxf4 Nc6 11.Nf3 O-O-O 12.Qe3 Kb8 13.Rg1 Rhg8 14.a3 a6 15.e5 Qe7
16.Bd3 Bh8 17.Rg3 dxe5 18.fxe5 Rxg3 19.hxg3 f6 20.exf6 Bxf6 21.Ne4 Bg7 22.c3 Bc8
23.Bc2 b6 24.Nf2 Qd6 25.Be4 Bb7 26.Nd3 Ka7 27.Kb1 Rf8 28.Qe2 a5 29.Nf4 Rg8
30.Bh7 Rh8 31.Bc2 Nd8 32.Nh5 Bf8 33.Ne5 Rg8 34.g4 Be7 35.Nf4 Bg5 36.Nfg6 Qd5
37.Re1 Rg7 38.Bd3 Nc6 39.Bc4 Qd6 40.Rf1 Nd8 41.Rf8 c5 42.dxc5 Qxc5 43.Rxd8 Bxd8
44.Nf4 Bc7 45.Nfd3 Qe7 46.Bb5 Qd6 47.Qe3 Rh7 48.Bc4 h5 49.g5 h4 50.g6 Rg7
51.Qh6 Qe7 52.Qh5 Qf6 53.Bb5 Qf5 54.Qe2 Qe4 55.Qh5 h3 56.Ka2 Qf5 57.Qe2 Qe4
58.Qh5 Bd6 59.c4 h2  0-1

[Event "Arnold mem"]
[Site "Gausdal"]
[Date "1997.??.??"]
[Round "1"]
[White "Zucchelli, Massimo"]
[Black "Gausel, Einar"]
[Result "0-1"]
[WhiteElo "2195"]
[BlackElo "2540"]

1.d4 Nf6 2.Bg5 e6 3.Nf3 c5 4.e3 h6 5.Bh4 b6 6.Nbd2 Bb7 7.c3 Be7 8.Bxf6 Bxf6
9.Bd3 Nc6 10.O-O d5 11.Re1 O-O 12.Rc1 Re8 13.Bb1 e5 14.dxe5 Nxe5 15.Nxe5 Bxe5
16.Nf3 Bf6 17.Qd3 g6 18.Rcd1 Qe7 19.a3 a5 20.Ba2 Rad8 21.Rd2 Kg7 22.h3 Bc6
23.Qa6 Qc7 24.Red1 c4  0-1

[Event "Geneve op"]
[Site "Geneve"]
[Date "1997.??.??"]
[Round "1"]
[White "Bechtel, Pierre"]
[Black "Hobuss, Udo"]
[Result "1-0"]
[WhiteElo "2075"]
[BlackElo "2410"]

1.d4 Nf6 2.Bg5 e6 3.e4 h6 4.Bxf6 Qxf6 5.Nc3 d6 6.Nf3 g6 7.Bd3 Bg7 8.Qd2 O-O
9.h4 a6 10.e5 Qe7 11.O-O-O Nd7 12.Rde1 b5 13.Qf4 Bb7 14.Ne4 Bxe4 15.Bxe4 d5
16.Bd3 c5 17.dxc5 Nxc5 18.Kb1 Rfc8 19.Qe3 Rab8 20.Nd4 Na4 21.f4 Qb4 22.Nb3 a5
23.Qd4 Qe7 24.Nxa5 Ra8 25.Nb3 Rcb8 26.g4 b4 27.h5 g5 28.fxg5 Qxg5 29.Qe3 Qxe3
30.Rxe3 Nb6 31.Rg1 Nd7 32.g5 hxg5 33.Rxg5 Kf8 34.Re2 Bh6 35.Rg4 Ra7 36.Bh7 Rb6
37.Nd4 Bg7 38.Rg5 Bh6 39.Rg8+ Ke7 40.Bd3 Bf4 41.Bb5 Nxe5 42.h6 Bxh6 43.Rxe5 Kd6
44.Re2 Rc7 45.Ba4 Kc5 46.Nb3+ Kd6 47.Nd4 Kc5 48.Nb3+ Kd6 49.Rd8+ Ke7 50.Re8+ Kd6
51.Nd4 Kc5 52.Nf3 Bg7 53.Ne1 Ra7 54.Nd3+ Kd6 55.Bb3 Bd4 56.Nxb4 Rxb4 57.c3 Rxb3
58.axb3 Bg7 59.b4 e5 60.Rg8 f5 61.Rg2 Bf6 62.R2g6 Rf7 63.Ra8 e4 64.b5 Kc5
65.Ra6 Be5 66.Rgc6+ Kxb5 67.Rab6+ Ka5 68.Ka2 Ra7 69.Ka3 Bxc3 70.bxc3 f4 71.Rb4 f3
72.Rcb6  1-0

[Event "Geneve op"]
[Site "Geneve"]
[Date "1997.??.??"]
[Round "8"]
[White "Bennett, John"]
[Black "Hobuss, Wolfgang"]
[Result "1/2-1/2"]
[WhiteElo "2160"]
[BlackElo "2155"]

1.d4 Nf6 2.Bg5 e6 3.Nf3 c5 4.e3 Qb6 5.Nbd2 cxd4 6.exd4 Qxb2 7.Bxf6 gxf6 8.Bd3 Nc6
9.Rb1 Qc3 10.O-O d5 11.Rb3 Qa5 12.c4 Nb4 13.cxd5 Nxd3 14.Rxd3 Qxd5 15.Qe2 Bd7
16.Ne4 Be7 17.Nc3 Qh5 18.d5 e5 19.Qb2 Rb8 20.d6 Bd8 21.Nd5 O-O 22.Ne7+ Kh8
23.Re1 Re8 24.Nxe5 Bxe7 25.Nxd7 Bxd6 26.Qxf6+ Kg8 27.Rxe8+ Rxe8 28.g3 Re1+
29.Kg2 Be7 30.Qxe7 Rxe7 31.Nf6+ Kf8 32.Nxh5 Re2 33.a3 Rb2 34.h4 b5 35.Nf6 Kg7
36.Nd5 a5 37.Ne3 Kf6 38.Nd1 Rb1 39.Kf3 b4 40.axb4 axb4 41.Ke3 Ra1 42.Kd2 Ra2+
43.Kc1 Ke5 44.Kb1 Ra7 45.Ne3 Ke4 46.Rb3 Kf3 47.Rxb4 Kxf2 48.Nf5 Rc7 49.Kb2 Rc5
50.Rf4+ Kg2 51.Kb3 Kh3 52.Kb4 Rc1 53.g4 Rg1 54.g5 Rg4 55.Rxg4 Kxg4 56.Nh6+ Kxh4
57.Nxf7 Kh5 58.Kc4 Kg6 59.Kd3 Kxf7 60.Ke3  1/2-1/2

[Event "BL2-W9798"]
[Site "Germany"]
[Date "1997.??.??"]
[Round "?.2"]
[White "Hall, Jesper"]
[Black "Glek, Igor V"]
[Result "1/2-1/2"]
[WhiteElo "2460"]
[BlackElo "2505"]

1.d4 Nf6 2.Bg5 e6 3.e4 h6 4.Bxf6 Qxf6 5.Nc3 d6 6.Qd2 c6 7.Nf3 e5 8.O-O-O Be7
9.h3 Nd7 10.Kb1 O-O 11.Qe3 Re8 12.d5 Bd8 13.Bc4 c5 14.Nh2 a6 15.Ng4 Qg6 16.Qf3 b5
17.Bf1 h5 18.Ne3 Nf6 19.g4 hxg4 20.hxg4 Bxg4 21.Nxg4 Qxg4 22.Qe3 b4 23.Ne2 Qxe4
24.Qh3 Qh7 25.Qg2 Qg6 26.Qh3 Qh7 27.Qg2 Qg6 28.Qh3  1/2-1/2

[Event "BL2-O9697"]
[Site "Germany"]
[Date "1997.??.??"]
[Round "?.5"]
[White "Lorenz, Gerd"]
[Black "Rupp, Markus"]
[Result "1/2-1/2"]
[WhiteElo "2260"]
[BlackElo "2235"]

1.d4 Nf6 2.Bg5 e6 3.Nd2 h6 4.Bh4 d6 5.e3 Nbd7 6.c3 g5 7.Bg3 Bg7 8.h4 b6 9.hxg5 hxg5
10.Rxh8+ Bxh8 11.Nh3 g4 12.Nf4 Bb7 13.Bh4 Qe7 14.Qa4 a6 15.Nh5 b5 16.Qd1 e5
17.Bxf6  1/2-1/2

[Event "BL2-N9697"]
[Site "Germany"]
[Date "1997.??.??"]
[Round "?.2"]
[White "Konopka, Michal"]
[Black "Von Herman, Ulf"]
[Result "1-0"]
[WhiteElo "2415"]
[BlackElo "2410"]

1.d4 Nf6 2.Bg5 e6 3.e4 h6 4.Bxf6 Qxf6 5.Nc3 Nc6 6.Nb5 Qd8 7.d5 a6 8.Nc3 Nb8
9.Nf3 Bc5 10.dxe6 dxe6 11.Bd3 Nc6 12.Qe2 Nd4 13.Nxd4 Bxd4 14.O-O Qf6 15.Rab1 c6
16.Nd1 e5 17.c3 Ba7 18.Ne3 b5 19.a4 O-O 20.Ra1 Be6 21.axb5 axb5 22.Ra6 Bc8
23.Nd5 Qg5 24.h4 Qxh4 25.Rxc6 Qg5 26.Qf3 Bb7 27.Rc7 Bxd5 28.exd5 b4 29.d6 Qf4
30.Qxf4 exf4 31.Be4  1-0

[Event "Landesliga Nord 9697 Bayern"]
[Site "Germany"]
[Date "1997.??.??"]
[Round "?"]
[White "Augustin, Achim"]
[Black "Rohrbach, Frank"]
[Result "1-0"]
[WhiteElo "1930"]
[BlackElo "2025"]

1.d4 Nf6 2.Bg5 e6 3.e3 c5 4.Nd2 b6 5.c3 Bb7 6.Ngf3 Be7 7.Bd3 Nc6 8.O-O O-O
9.Nc4 d6 10.dxc5 bxc5 11.Qc2 h6 12.Bh4 Na5 13.Rad1 Nxc4 14.Bxc4 Qb6 15.Bxf6 Bxf6
16.e4 Rfd8 17.Rfe1 Rab8 18.e5 Bxf3 19.exf6 Bxd1 20.Qxd1 d5 21.Qg4 g6 22.Bd3 Kh7
23.Bxg6+ fxg6 24.Rxe6 Re8 25.Rxe8 Rb7 26.Qc8  1-0

[Event "Landesliga Sued 9697 Bayern"]
[Site "Germany"]
[Date "1997.??.??"]
[Round "?"]
[White "Haller, Christoph"]
[Black "Kempter, Ronald"]
[Result "1-0"]
[WhiteElo "2125"]
[BlackElo "2155"]

1.d4 Nf6 2.Bg5 e6 3.c4 d5 4.Nf3 c6 5.e3 Nbd7 6.Nbd2 Be7 7.Bd3 b6 8.O-O O-O
9.Qe2 Bb7 10.Rad1 h6 11.Bf4 c5 12.Bb1 cxd4 13.exd4 Re8 14.b3 Rc8 15.Ne5 Nf8
16.Be3 N6d7 17.f4 Bd6 18.Qh5 Qe7 19.g4 Rc7 20.Ndf3 dxc4 21.bxc4 Bxe5 22.fxe5 Rxc4
23.g5 Rc3 24.Bd3 Qa3 25.Ne1 Qe7 26.gxh6 g6 27.Qg4 Qb4 28.Qf4 Qe7 29.h4 Nh7
30.h5 Ndf8 31.Rd2 Rc7 32.Rdf2 Qd7 33.Qg4 Qd5 34.Kh2 Qd8 35.Kh3 Ree7 36.Bd2 Red7
37.Be3 a6 38.Rg1 Kh8 39.Ng2 Bxg2+ 40.Rgxg2 Rc3 41.Qe4 Qe7 42.Rf3 b5 43.Rfg3 f5
44.exf6 Nxf6 45.Qf3 Rxd3 46.hxg6 Nxg6 47.Rxg6 R7xd4 48.R2g3 Re4 49.Rg8+ Nxg8
50.Qxe4 Qd8  1-0

[Event "Landesliga Sued 9697 Bayern"]
[Site "Germany"]
[Date "1997.??.??"]
[Round "?"]
[White "Hahn, Christoph"]
[Black "Epding, Olaf"]
[Result "1-0"]
[WhiteElo "2095"]
[BlackElo "2115"]

1.d4 Nf6 2.Bg5 e6 3.e3 Be7 4.Nd2 h6 5.Bh4 b6 6.Ngf3 Bb7 7.c3 c5 8.Bd3 O-O
9.Rg1 cxd4 10.exd4 d6 11.g4 Nd5 12.g5 Nf4 13.Bc2 h5 14.Ne4 g6 15.Qd2 Nd5
16.c4 Nc7 17.Nf6+ Kg7 18.Qd3 Rh8 19.d5 e5 20.Bg3 Nd7 21.O-O-O Nxf6 22.gxf6+ Bxf6
23.Qe4 h4 24.Bxe5 dxe5 25.Nxe5 Na6 26.Rxg6+  1-0

[Event "BL2-W9697"]
[Site "Germany"]
[Date "1997.??.??"]
[Round "?.6"]
[White "Neidhardt, Claus Ulrich"]
[Black "Koehler, Ronald"]
[Result "1-0"]
[WhiteElo "2415"]
[BlackElo "2245"]

1.d4 Nf6 2.Bg5 e6 3.Nd2 h6 4.Bh4 c5 5.e3 cxd4 6.exd4 b6 7.Qf3 Nc6 8.Ne4 Be7
9.Bxf6 gxf6 10.c3 Bb7 11.Qe3 Qc7 12.Nf3 h5 13.d5 Ne5 14.d6 Nxf3+ 15.Qxf3 Qc6
16.Nxf6+ Bxf6 17.Qxf6 O-O 18.Bd3 Qc5 19.O-O-O  1-0

[Event "BL2-S9697"]
[Site "Germany"]
[Date "1997.??.??"]
[Round "?.7"]
[White "Vatter, Hans Joachim"]
[Black "Schmidt, Georg"]
[Result "1/2-1/2"]
[WhiteElo "2265"]
[BlackElo "2210"]

1.d4 Nf6 2.Bg5 e6 3.Nd2 d5 4.e3 c5 5.c3 Nbd7 6.Bd3 e5 7.Ne2 Be7 8.Bh4 O-O
9.Bg3 Bd6 10.dxe5 Nxe5 11.Bc2 Re8 12.h3 Bd7 13.a4 Bc6 14.O-O Qc7 15.Nf4 Ng6
16.Ne2 Rad8 17.Re1 Bxg3 18.Nxg3 d4 19.Bxg6 hxg6 20.exd4 Rxe1+ 21.Qxe1 cxd4
22.Nb3 dxc3 23.Qxc3 Qd7 24.a5 Qd5 25.f3 Qg5 26.Ne2 Nd5 27.Qc5 Qe5 28.Nc3 Qe3+
29.Kh1 Qxc5 30.Nxc5 Nxc3 31.bxc3 Rd2 32.Ra3 Rc2 33.Nd3 Bb5  1/2-1/2

[Event "BL2-S9697"]
[Site "Germany"]
[Date "1997.??.??"]
[Round "?.7"]
[White "Hauke, Christian"]
[Black "Schmidt, Georg"]
[Result "0-1"]
[WhiteElo "2190"]
[BlackElo "2210"]

1.d4 Nf6 2.Bg5 e6 3.e4 h6 4.Bxf6 Qxf6 5.Nc3 Bb4 6.Qd2 d5 7.e5 Qd8 8.f4 c5
9.Nf3 Nc6 10.Bb5 cxd4 11.Nxd4 Bd7 12.a3 Be7 13.O-O Nxd4 14.Bxd7+ Qxd7 15.Qxd4 Qc6
16.Kh1 g6 17.Rf3 h5 18.Rc1 O-O 19.f5 exf5 20.Nxd5 Bg5 21.h4 Rfd8 22.Rd1 Rxd5
23.Qxd5 Rd8 24.Qxc6 Rxd1+ 25.Kh2 bxc6 26.hxg5 Rd5 27.Re3 f4 28.Re2 Kf8 29.e6 Rxg5
30.exf7 Rb5 31.b4 Kxf7 32.Re4 g5 33.c4 Rb6 34.Re5 Kf6 35.Ra5 Rb7 36.Rc5 Rb6
37.Ra5 Rb7 38.Rc5 Rd7 39.Rxc6+ Kf5 40.c5 Rd2 41.Rc7 Kg4 42.b5 f3 43.b6 Rxg2+
44.Kh1 Kg3 45.Rf7 f2  0-1